00876nam a2200205 i 4500001000700000003000900007005001700016008004100033040003000074100001700104245012800121260010000249300002700349490005000376650001200426650001800438700001400456830005000470852015000520162104ES-MaACL20230906212428.0020814s1888 fr |||| | fre d aCCPB | B bspa cCCPB | B1 aPiderit, Th.13aLa mimique et la physiognomonie / cpar Th. Piderit ; traduit de l'allemand d'aprés la deuxième édition par A. Girot. aParis : bancienne librairie Germer Baillière et C\pie\s, Félix Alcan, éditeur :, c1888. aVII, 280 p. ; c22 cm.1 aBibliothèque de philosophie contemporainé 4aGestos. 4aFisionomía.1 aGirot, A.0 aBibliothèque de philosophie contemporainé aES-MaACLjB-7026 z-- Enc. pasta española x-- Edic.: añadir en T260 (Tours : E. Arrault et C.) -- Completar encabezamiento, Piderit, Theodor